| 000 | 00324nam a22001217a 4500 | ||
|---|---|---|---|
| 008 | 230627b xxu||||| |||| 00| 0 eng d | ||
| 020 | _a9210480759 | ||
| 082 |
_a338.4 _bINC 2002 |
||
| 245 | _a2001 Narcotic Drugs Stupefiants Estupefacientes | ||
| 260 |
_aNew York _bUnited Nations _c2002 |
||
| 300 | _aV,293p | ||
| 942 |
_2ddc _cBK |
||
| 999 |
_c2799 _d2799 |
||